| 000 -CABECERA |
| Longitud fija campo de control |
01268cam a22003257a 4500 |
| 003 - IDENTIFICADOR DEL NÚMERO DE CONTROL |
| Identificador del número de control |
OSt |
| 005 - FECHA Y HORA DE LA ÚLTIMA TRANSACCIÓN |
| Fecha y hora de la última transacción |
20180123161959.0 |
| 008 - CÓDIGOS DE INFORMACIÓN DE LONGITUD FIJA |
| Códigos de información de longitud fija |
180123m20152017spca 000 0 cat|d |
| 017 ## - NÚMERO DE COPYRIGHT O DE DEPÓSITO LEGAL |
| Número de copyright o de depósito legal |
DL B 28691-2015 (v. 1) |
| -- |
DL B 7463-2016 (v. 2) |
| -- |
DL B 20137-2016 (v. 3) |
| -- |
DL B 4399-2017 (v. 4) |
| Agencia que asigna el número |
Biblioteca de Catalunya |
| 020 ## - NÚMERO INTERNACIONAL NORMALIZADO PARA LIBROS |
| Número Internacional Normalizado para Libros (ISBN) |
9788496645318 |
| Qualifying information |
(v. 1) |
| 020 ## - NÚMERO INTERNACIONAL NORMALIZADO PARA LIBROS |
| Número Internacional Normalizado para Libros (ISBN) |
9788496645325 |
| Qualifying information |
(v. 2) |
| 020 ## - NÚMERO INTERNACIONAL NORMALIZADO PARA LIBROS |
| Número Internacional Normalizado para Libros (ISBN) |
9788496645349 |
| Qualifying information |
(v. 3) |
| 020 ## - NÚMERO INTERNACIONAL NORMALIZADO PARA LIBROS |
| Número Internacional Normalizado para Libros (ISBN) |
9788496645363 |
| Qualifying information |
(v. 4) |
| 040 ## - FUENTE DE LA CATALOGACIÓN |
| Centro catalogador de origen |
ES-BaBC |
| Lengua de catalogación |
cat |
| Centro transcriptor |
CDMR |
| 100 1# - PUNTO DE ACCESO PRINCIPAL-NOMBRE DE PERSONA |
| Nombre de persona |
Cadena, Josep M. |
| Forma desarrollada del nombre |
(Josep Maria) |
| Fechas asociadas al nombre |
1935- |
| 9 (RLIN) |
2992 |
| 245 10 - MENCIÓN DE TÍTULO |
| Título |
Joan Llaverias |
| Resto del título |
: Els Dibuixants del ¡Cu-Cut! / |
| Mención de responsabilidad, etc. |
Josep Maria Cadena |
| 260 ## - PUBLICACIÓN, DISTRIBUCIÓN, ETC. (PIE DE IMPRENTA) |
| Lugar de publicación, distribución, etc. |
Barcelona : |
| Nombre del editor, distribuidor, etc. |
Àmbit Serveis Editorials, |
| Fecha de publicación, distribución, etc. |
cop. 2015-<2017> |
| 300 ## - DESCRIPCIÓN FÍSICA |
| Extensión |
v. (509, 503, 425 p.) : |
| Otras características físicas |
il. ; |
| Dimensiones |
20 cm |
| 490 0# - MENCIÓN DE SERIE |
| Mención de serie |
Els Dibuixants del ¡Cu-Cut! |
| 504 ## - NOTA DE BIBLIOGRAFÍA, ETC |
| Nota de bibliografía, etc. |
Bibliografia |
| 505 8# - NOTA DE CONTENIDO CON FORMATO |
| Nota de contenido con formato |
Conté: 1. 1902-1904 -- 2. 1905-1907 -- 3. 1908-1909 -- 4. 1910-1912 |
| 546 ## - NOTA DE LENGUA |
| Nota de lengua |
Text en català i castellà |
| 600 17 - PUNTO DE ACCESO ADICIONAL DE MATERIA - NOMBRE DE PERSONA |
| Nombre de persona |
Llaverias, Joan, |
| Fechas asociadas al nombre |
1865-1938 |
| Fuente de encabezamiento o te&ecute,rmino |
lemac |
| 630 07 - PUNTO DE ACCESO ADICIONAL DE MATERIA - TÍTULO UNIFORME |
| Título uniforme |
Cu-Cut! |
| Fuente del encabezamiento o término |
lemac |
| 650 #7 - PUNTO DE ACCESO ADICIONAL DE MATERIA - TÉRMINO DE MATERIA |
| Término de materia o nombre geográfico como elemento inicial |
Il·lustradors |
| Subdivisión geográfica |
Catalunya |
| Subdivisión cronológica |
S. XX |
| Fuente del encabezamiento o término |
lemac |
| 650 #7 - PUNTO DE ACCESO ADICIONAL DE MATERIA - TÉRMINO DE MATERIA |
| Término de materia o nombre geográfico como elemento inicial |
Dibuixants |
| Subdivisión geográfica |
Catalunya |
| Subdivisión cronológica |
S. XX |
| Fuente del encabezamiento o término |
lemac |
| 650 07 - PUNTO DE ACCESO ADICIONAL DE MATERIA - TÉRMINO DE MATERIA |
| Término de materia o nombre geográfico como elemento inicial |
Humorisme gràfic |
| Fuente del encabezamiento o término |
lemac |
| 9 (RLIN) |
3084 |
| Subdivisión geográfica |
Catalunya |
| 700 1# - PUNTO DE ACCESO ADICIONAL - NOMBRE DE PERSONA |
| Nombre de persona |
Llaverias, Joan, |
| Fechas asociadas al nombre |
1865-1938 |
| 942 ## - ENTRADA DE ELEMENTOS AGREGADOS (KOHA) |
| Koha [por defecto] tipo de item |
Monografies |
| Fuente de clasificaión o esquema |
|